000
00357nam a2200157Ia 4500
003
OSt
005
20240522121329.0
008
170524s9999 xx 000 0 und d
020
_a
978-9387394728
040
_c
iimtu
100
_a
Budynas- R.G.
245
0
_a
Switchgear Protaction and Power System
260
_b
Khanna
260
_c
2011
942
_2
ddc
_c
02
999
_c
5997
_d
5997